Sports Quiz

Random Sports or Baseball Quiz

2010 MLB Outfielders Quiz Stats

 Plays Quiz not verified by Sporcle

Challenge
Share
Tweet
Embed
Score 0/90 Timer 09:00
0 Plays Today
Team Player Name % Correct
YankeesCurtis Granderson
91.5%
OriolesAdam Jones
90.3%
PiratesGarrett Jones
90.3%
RaysCarl Crawford
86.8%
RaysBJ Upton
84.8%
DiamondbacksJustin Upton
84.8%
Red SoxJacoby Ellsbury
83.8%
YankeesNick Swisher
83.6%
PhilliesJayson Werth
82.1%
Blue JaysVernon Wells
81.8%
PhilliesShane Victorino
81.6%
IndiansGrady Sizemore
81.3%
Red SoxJD Drew
80.6%
MetsCarlos Beltran
80.6%
AngelsTorii Hunter
78.9%
RangersJosh Hamilton
78.9%
DodgersManny Ramirez
78.4%
MarinersIchiro Suzuki
78.1%
CardinalsMatt Holliday
77.4%
CubsAlfonso Soriano
77.4%
PhilliesRaul Ibanez
76.9%
BrewersRyan Braun
76.1%
DodgersMatt Kemp
75.6%
MetsJason Bay
73.9%
Red SoxMike Cameron
73.6%
White SoxJuan Pierre
73.1%
YankeesBrett Gardner
71.9%
OriolesNick Markakis
71.1%
DodgersAndre Ethier
68.9%
TigersJohnny Damon
67.4%
Team Player Name % Correct
AstrosCarlos Lee
66.9%
RockiesCarlos Gonzalez
65.4%
BravesMelky Cabrera
63.4%
TigersMagglio Ordonez
61.7%
DiamondbacksChris Young
61.4%
TwinsJason Kubel
60.4%
White SoxAlex Rios
59.5%
AngelsBobby Abreu
59.2%
TigersAustin Jackson
59%
TwinsMichael Cuddyer
58.5%
RedsJay Bruce
57%
DiamondbacksConor Jackson
56.2%
TwinsDenard Span
55.2%
RangersNelson Cruz
55.2%
AstrosHunter Pence
55%
CubsKosuke Fukudome
54.2%
AstrosMichael Bourn
53.7%
PiratesAndrew McCutchen
52.7%
Blue JaysAdam Lind
51.5%
CardinalsRyan Ludwick
51.5%
IndiansShin-Soo Choo
51.2%
BravesJason Heyward
51.2%
CubsMarlon Byrd
50.2%
GiantsAaron Rowand
50.2%
BrewersCorey Hart
48.8%
RoyalsDavid DeJesus
48%
BravesNate McLouth
48%
RockiesBrad Hawpe
47.5%
NationalsNyjer Morgan
46.5%
BrewersCarlos Gomez
46.5%
Team Player Name % Correct
MetsJeff Francoeur
44.8%
White SoxCarlos Quentin
44.5%
MarinersMilton Bradley
44%
RoyalsRick Ankiel
42.8%
CardinalsColby Rasmus
42.8%
RoyalsScott Podsednik
41.3%
MarinersFranklin Gutierrez
40.3%
AthleticsCoco Crisp
39.6%
AthleticsRajai Davis
39.3%
NationalsJosh Willingham
39.3%
AngelsJuan Rivera
37.8%
MarlinsCameron Maybin
37.6%
RockiesDexter Fowler
37.1%
OriolesNolan Reimold
36.1%
PiratesLastings Milledge
36.1%
MarlinsCody Ross
35.1%
MarlinsChris Coghlan
28.9%
Blue JaysTravis Snider
25.1%
RangersJulio Borbon
24.4%
RedsDrew Stubbs
23.9%
RaysMatt Joyce
23.4%
AthleticsRyan Sweeney
21.4%
RedsChris Dickerson
20.1%
GiantsMark DeRosa
19.9%
PadresScott Hairston
19.9%
NationalsElijah Dukes
19.2%
PadresWill Venable
18.4%
GiantsNate Schierholtz
18.2%
PadresKyle Blanks
16.4%
IndiansMatt LaPorta
13.9%

You're not logged in!

Compare scores with friends on all Sporcle quizzes.
Join for Free
OR
Log In

You Might Also Like...

Show Comments

Extras

Top Quizzes Today


Score Distribution

Your Account Isn't Verified!

In order to create a playlist on Sporcle, you need to verify the email address you used during registration. Go to your Sporcle Settings to finish the process.

Report this User

Report this user for behavior that violates our Community Guidelines.

Details: